| 000 | 00393nam a2200169Ia 4500 | ||
|---|---|---|---|
| 008 | 210210b1944 xxu||||| |||| 00| 0 eng d | ||
| 041 | _aeng | ||
| 082 | _a828/670 | ||
| 100 | _aWAVELL (V) | ||
| 245 | _aAllenby in Egypt | ||
| 260 |
_aLondon _bGeorge G Harrap and Company Limited _c1944 |
||
| 650 | _ain | ||
| 650 | _aEgypt | ||
| 650 | _aAllenby | ||
| 690 | _aBiography | ||
| 906 | _a016515 | ||
| 999 |
_c136068 _d136068 |
||